| 000 | 00992nas a2200277Ia 4500 | ||
|---|---|---|---|
| 001 | A50/R188-34128 | ||
| 003 | IT-MiCISF | ||
| 008 | 161014c99999999xx |||||||||||| ||und|| | ||
| 040 |
_aIT-MiCISF _cIT-MiCISF |
||
| 041 | _aFRANCESE | ||
| 100 | _aCharton Laurence | ||
| 210 | _aPopulation | ||
| 222 | _aPopulation | ||
| 240 | _aLa première mise en couple en Suisse: choix du type d'union et devenir de la cohabitation hors mariage | ||
| 245 | 0 | _aLa première mise en couple en Suisse: choix du type d'union et devenir de la cohabitation hors mariage | |
| 250 | _a1a ed. | ||
| 260 | _c2001 | ||
| 501 |
_bCISF - Centro Internazionale Studi Famiglia - Via Giotto, 36 20145 MILANO (non commercial uses only) _cCopyright 2016 |
||
| 300 | _app. 539-566 | ||
| 362 | _an. 4, luglio-agosto [2001] | ||
| 500 | _a Tema: popolazione, nuzialità, fecondità, convivenza | ||
| 650 |
_apopolazione _varticolo |
||
| 700 | _a Wanner Philippe | ||
| 942 | _cCR | ||
| 957 | _71 | ||
| 999 |
_a34128 _bSi _g1 _c241204 _d241204 |
||